书目信息 |
| 题名: |
中西叙事传统比较研究
|
|
| 作者: | 傅修延 总主编 ;曾斌 著 | |
| 分册: | 民间卷 | |
| 出版信息: | 北京 北京大学出版社 2024.10 |
|
| 页数: | 17,250页 | |
| 开本: | 24cm | |
| 丛书名: | ||
| 单 册: | ||
| 中图分类: | I0-03 | |
| 科图分类: | ||
| 主题词: | 叙事文学--民间文学--比较文学--中国--西方国家 | |
| 电子资源: | ||
| ISBN: | 978-7-301-35583-1 | |
| 000 | 01078nam0 2200253 450 | |
| 001 | 013260504 | |
| 005 | 20251022104254.52 | |
| 010 | @a978-7-301-35583-1@b精装@dCNY108.00 | |
| 100 | @a20241122d2024 em y0chiy0120 ea | |
| 101 | 0 | @achi |
| 102 | @aCN@b110000 | |
| 105 | @ay z 000yy | |
| 106 | @ar | |
| 200 | 1 | @a中西叙事传统比较研究@9zhong xi xu shi chuan tong bi jiao yan jiu@i民间卷@f傅修延总主编@g曾斌著 |
| 210 | @a北京@c北京大学出版社@d2024.10 | |
| 215 | @a17,250页@d24cm | |
| 300 | @a国家出版基金项目 | |
| 330 | @a本书对中西民间叙事传统进行比较研究,紧扣民间、民族与文化特性,化繁为简,依据叙述载体的不同,将中西民间叙事划分为口传叙事、文字叙事、非文字叙事三大类型,以其中的神话、占星、仪式、民间故事、私修家谱、陶瓷图绘、俗赋与彩色玻璃窗等为例,力图对中西民间叙事传统进行梳理、分析与比较,总结其特征和模式,探索其意义和价值。 | |
| 606 | 0 | @a叙事文学@x民间文学@x比较文学@y中国@x西方国家 |
| 690 | @aI0-03@v5 | |
| 701 | 0 | @a傅修延@9fu xiu yan@4总主编 |
| 702 | 0 | @a曾斌@9zeng bin@4著 |
| 801 | 0 | @aCN@c20250905 |
| 905 | @a河南城建学院图书馆@dI0@eF968:1@ZF968:1@f1 | |
| 中西叙事传统比较研究.民间卷/傅修延总主编/曾斌著.-北京:北京大学出版社,2024.10 |
| 17,250页;24cm |
| 国家出版基金项目 |
| ISBN 978-7-301-35583-1(精装):CNY108.00 |
| 本书对中西民间叙事传统进行比较研究,紧扣民间、民族与文化特性,化繁为简,依据叙述载体的不同,将中西民间叙事划分为口传叙事、文字叙事、非文字叙事三大类型,以其中的神话、占星、仪式、民间故事、私修家谱、陶瓷图绘、俗赋与彩色玻璃窗等为例,力图对中西民间叙事传统进行梳理、分析与比较,总结其特征和模式,探索其意义和价值。 |
| ● |
| 相关链接 |
|
|
|
正题名:中西叙事传统比较研究
索取号:I0/F968:1
 
预约/预借
| 序号 | 登录号 | 条形码 | 馆藏地/架位号 | 状态 | 备注 |
| 1 | 1631452 | 216314520 | 文学库108/108文学库 1排1列2层/ [索取号:I0/F968:1] | 在馆 |